00349nam a2200157Ia 4500001000500000005001700005008004100022041000800063082001700071100002300088245002900111260000900140300002600149650000800175654000800183812320260306160546.0260306t2009||||xx |||||||||||||| ||spa|| aESP a370.114bC28 aCarreras, Ll.eAUT 0aCómo educar en valores c2009 a310páginas :c21cm. aGEN aCED